| 000 | 00558nam a22001817a 4500 | ||
|---|---|---|---|
| 005 | 20241023125836.0 | ||
| 010 | _aENG-142310 | ||
| 020 |
_a9789351952084 _c599.00 |
||
| 035 | _aEN-125842 | ||
| 037 | _bDBAD | ||
| 082 | _a629.222 | ||
| 100 |
_aSubbu, Bvr _973241 |
||
| 245 |
_aSantro: _cby Bvr Subbu _bThe Car that Built a Company/ |
||
| 260 |
_aGurgaon _bHachette Book Publishing India _c2017 |
||
| 270 |
_a4th/5th Floors, Corporate Centre, Sector 44 _bGurgaon _e122003 |
||
| 300 |
_ax,254p. _c22cm(hb) |
||
| 942 |
_2ddc _cEN _mSUB _h629.222 |
||
| 999 |
_c206625 _d206625 |
||